Birds#1 - Statistics

General Stats
  • This quiz has been taken 30 times
    24 since last reset
  • The average score is 7 of 15
Answer Stats
Picture Answer % Correct
Swan
95%
Flamingo
79%
Goose
63%
Ostrich
63%
Turkey
63%
Tit
58%
Magpie
53%
Cormorant
47%
Hawk
47%
Hornbill
37%
albatross
32%
Loon
32%
Blue duck
0%
Francolin
0%
Robin red breast
0%
No matching quizzes found
Score Distribution
Percent of People with Each Score
Percentile by Number Answered
Your Score History
You have not taken this quiz since the last reset